[Event "It A"]
[Site "Stepanakert ARM"]
[Date "2005.10.03"]
[Round "2"]
[White "Macieja,B"]
[Black "Bu Xiangzhi"]
[Result "1/2-1/2"]
[WhiteElo "2592"]
[BlackElo "2637"]

1.c4 e5 2.Nf3 e4 3.Nd4 Nc6 4.Nc2 d5 5.cxd5 Qxd5 6.Nc3 Qe5 7.d4 exd3 8.Qxd3 Nf6
9.e4 Bc5 10.Be3 O-O 11.f4 Qh5 12.Be2 Bg4 13.Bxg4 Nxg4 14.Bxc5 Qxc5 15.Qf3 Qb6
16.O-O-O Nf2 17.Nd5 Qc5 18.b4 Nxb4 19.Nxb4 Nxh1 20.Rxh1 Rfd8 21.Nd5 c6 22.Ne3 Qa5
23.Kb1 Rd2 24.Rd1 Rad8 25.Rxd2 Rxd2 26.Qg4 h5 27.Qc8+ Rd8 28.Qxb7 Qa4 29.Qe7 Rb8+
30.Kc1 Qxa2 31.e5 c5 32.f5 c4 33.e6 fxe6 34.Qxe6+ Kh8 35.Qe5 Qb1+ 36.Kd2 Rd8+
37.Ke2 Qb6 38.h3 a5 39.g4 c3 40.g5 Qc6 41.Kf2 Re8 42.Qxa5 Qd6 43.f6 gxf6
44.gxf6 Qxf6+ 45.Ke2 Qe5 46.Qxe5+  1/2-1/2